The vicar of Wakefield / (Record no. 20405)
[ view plain ]
| 000 -LEADER | |
|---|---|
| fixed length control field | 00706cam a2200229 a 4500 |
| 001 - CONTROL NUMBER | |
| control field | 20405 |
| 003 - CONTROL NUMBER IDENTIFIER | |
| rucl marc code | BD-RjUL |
| 005 - DATE AND TIME OF LATEST TRANSACTION | |
| control field | 20211209000548.0 |
| 008 - FIXED-LENGTH DATA ELEMENTS--GENERAL INFORMATION | |
| fixed length control field | 140227r19501908enkc 000 1 eng |
| 035 ## - SYSTEM CONTROL NUMBER | |
| System control number | oxf98416123 |
| System control number | (BD-RjUL)20467 |
| 040 ## - CATALOGING SOURCE | |
| Original cataloging agency | TXH |
| Transcribing agency | TXH |
| Language of cataloging | eng |
| Modifying agency | BD-RjUL |
| 041 ## - LANGUAGE CODE | |
| Language code of text/sound track or separate title | eng |
| 082 ## - DEWEY DECIMAL CLASSIFICATION NUMBER | |
| Classification number | 823.6 |
| Author mark and year | GOV |
| 090 ## - LOCALLY ASSIGNED LC-TYPE CALL NUMBER (OCLC); LOCAL CALL NUMBER (OCLC) | |
| Classification number (OCLC) (R) ; Classification number, CALL (RLIN) (NR) | PR3490 |
| Local cutter number (OCLC) ; Book number/undivided call number, CALL (RLIN) | .A1 1906 |
| 100 1# - MAIN ENTRY--PERSONAL NAME | |
| Personal name | Goldsmith, Oliver, |
| Dates associated with a name | 1730?-1774. |
| 9 (RLIN) | 58378 |
| 245 14 - TITLE STATEMENT | |
| Title | The vicar of Wakefield / |
| Statement of responsibility, etc. | Oliver Goldsmith ; with an introd. by Sir Henry Irving |
| 260 ## - PUBLICATION, DISTRIBUTION, ETC. (IMPRINT) | |
| Place of publication, distribution, etc. | London ; |
| -- | New York : |
| Name of publisher, distributor, etc. | Cassell and Co, |
| Date of publication, distribution, etc. | 1908 [reprinted 1950] |
| 300 ## - PHYSICAL DESCRIPTION | |
| Pagination | 192 p. : |
| Illustrations | port ; |
| Size | 16 cm |
| 490 0# - SERIES STATEMENT | |
| Series statement | Cassell's national library ; |
| Volume/sequential designation | new series, 7. |
| 942 ## - ADDED ENTRY ELEMENTS (KOHA) | |
| Source of classification or shelving scheme | Dewey Decimal Classification |
| Koha item type | Books |
| Lost status | Source of classification or shelving scheme | Damaged status | Not for loan | Collection code | Permanent Location | Current Location | Shelving location | Date acquired | Source of acquisition | Cost, normal purchase price | Total Checkouts | Full call number | Date last seen | Copy number | Koha item type |
|---|---|---|---|---|---|---|---|---|---|---|---|---|---|---|---|
| Dewey Decimal Classification | Not For Loan | Fiction | Central Library, University of Rajshahi | Central Library, University of Rajshahi | Reading Room | 17/09/1955 | Black wel LTD. | 55.00 | 823.6 GOV 1950 | 27/02/2014 | C-1 | Books |